All The Birds of Europe - Statistics

General Stats
  • This quiz has been taken 18 times
  • The average score is 156 of 828
Answer Stats
Class Order Family Genus Species % Correct
C. olor
67%
P. cristatus
67%
A. anser
58%
Ardea A. cinerea
58%
A. crecca
58%
B. buteo
58%
C. cygnus
58%
F. tinnunculus
58%
Grus G. grus
58%
Phalacrocorax P. carbo
58%
Parus P. major
58%
Perdix P. perdix
58%
A. alba
50%
A. apus
50%
A. chrysaetos
50%
Accipiter A. nisus
50%
Asio A. otus
50%
B. bubo
50%
Ardeidae Botaurus B. stellaris
50%
Cuculus C. canorus
50%
C. ciconia
50%
Cinclidae Cinclus C. cinclus
50%
C. corax
50%
Phasianidae Coturnix C. coturnix
50%
Columbiformes Columbidae Columba C. livia
50%
C. palumbus
50%
D. major
50%
Dryobates D. minor
50%
F. atra
50%
F. columbarius
50%
F. peregrinus
50%
F. subbuteo
50%
G. gallinago
50%
Hirundo H. rustica
50%
Piciformes Picidae Jynx J. torquilla
50%
M. fusca
50%
Mergus M. merganser
50%
Milvus M. milvus
50%
Paridae Periparus P. ater
50%
Picus P. canus
50%
P. montanus
50%
P. montanus
50%
Pica P. pica
50%
R. regulus
50%
R. riparia
50%
Tetrao T. urogallus
50%
Vanellus V. vanellus
50%
A. acuta
42%
Alcedinidae Alcedo A. atthis
42%
A. fabalis
42%
A. flammeus
42%
A. fuligula
42%
Astur A. gentilis
42%
Aegypius A. monachus
42%
A. purpurea
42%
Ardeola A. ralloides
42%
Alca A. torda
42%
B. clangula
42%
Bubulcus B. ibis
42%
B. leucopsis
42%
Carduelis C. carduelis
42%
C. clanga
42%
Crex C. crex
42%
C. europaeus
42%
C. familiaris
42%
C. ferruginea
42%
Circaetus C. gallicus
42%
C. minuta
42%
Ciconiiformes Ciconiidae Ciconia C. nigra
42%
C. pugnax
42%
C. ridibundus
42%
Egretta E. garzetta
42%
Fringillidae Fringilla F. coelebs
42%
G. arctica
42%
Gypaetus G. barbatus
42%
Gyps G. fulvus
42%
Garrulus G. glandarius
42%
Gaviiformes Gaviidae Gavia G. stellata
42%
H. albicilla
42%
Himantopus H. himantopus
42%
H. ostralegus
42%
Ixobrychus I. minutus
42%
L. argentatus
42%
L. canus
42%
L. fuscus
42%
Lagopus L. lagopus
42%
L. limosa
42%
Luscinia L. luscinia
42%
L. marinus
42%
L. michahellis
42%
M. alba
42%
Suliformes Sulidae Morus M. bassanus
42%
Motacilla M. flava
42%
M. migrans
42%
M. nigra
42%
M. penelope
42%
M. serrator
42%
M. striata
42%
Nycticorax N. nycticorax
42%
Netta N. rufina
42%
Oenanthe O. oenanthe
42%
Otus O. scops
42%
Otis O. tarda
42%
Pernis P. apivorus
42%
P. auritus
42%
Phasianus P. colchicus (native+introduced)
42%
Prunellidae Prunella P. collaris
42%
P. collybita
42%
Passeridae Passer P. domesticus
42%
Plegadis P. falcinellus
42%
Accipitriformes Pandionidae Pandion P. haliaetus
42%
P. modularis
42%
P. porzana
42%
Recurvirostridae Recurvirostra R. avosetta
42%
Strix S. aluco
42%
S. clypeata
42%
S. decaocto
42%
S. paradisaea
42%
S. serinus
42%
Spinus S. spinus
42%
Streptopelia S. turtur
42%
S. uralensis
42%
Strigiformes Tytonidae Tyto T. alba
42%
T. ferruginea
42%
T. iliacus
42%
T. merula
42%
T. nebularia
42%
Podicipediformes Podicipedidae Tachybaptus T. ruficollis
42%
T. ruficollis (vagrant)
42%
Tadorna T. tadorna
42%
Otidiformes Otididae Tetrax T. tetrax
42%
Troglodytidae Troglodytes T. troglodytes
42%
Bucerotiformes Upupidae Upupa U. epops
42%
A. albifrons
33%
Alle A. alle
33%
Aegithalidae Aegithalos A. caudatus
33%
Aythya A. ferina
33%
Aegolius A. funereus
33%
A. heliaca
33%
A. marila
33%
Athene A. noctua
33%
A. nyroca
33%
A. trivialis
33%
Gruidae Anthropoides A. virgo
33%
Bombycillidae Bombycilla B. garrulus
33%
Buteo B. lagopus
33%
B. ruficollis
33%
Circus C. aeruginosus
33%
C. alba
33%
C. alpina
33%
Cyanistes C. caeruleus
33%
Scotocercidae Cettia C. cetti
33%
Chloris C. chloris
33%
Coccothraustes C. coccothraustes
33%
C. communis
33%
C. corone
33%
C. cyaneus
33%
C. cyanus
33%
Cyanopica C. cyanus (vagrant)
33%
C. dubius
33%
C. falcinellus
33%
C. garrulus
33%
Charadrius C. hiaticula
33%
Chlidonias C. hybrida
33%
Clangula C. hyemalis
33%
C. leucopterus
33%
C. niger
33%
Clanga C. pomarina
33%
C. pygargus
33%
E. calandra
33%
E. cia
33%
E. citrinella
33%
E. hortulana
33%
Eudromias E. morinellus
33%
Erithacus E. rubecula
33%
F. eleonorae
33%
F. hypoleuca
33%
F. vespertinus
33%
Gulosus G. aristotelis
33%
Gallinula G. chloropus
33%
G. immer
33%
G. media
33%
Glaucidium G. passerinum
33%
Hydroprogne H. caspia
33%
H. icterina
33%
Hydrocoloeus H. minutus
33%
Hieraaetus H. pennatus
33%
Ichthyaetus I. ichthyaetus
33%
L. cachinnans
33%
L. cannabina
33%
L. collurio
33%
L. excubitor
33%
L. fluviatilis
33%
L. hyperboreus
33%
Limosa L. lapponica
33%
Luscinia L. megarhynchos
33%
L. muta
33%
Mergellus M. albellus
33%
M. apiaster
33%
Mareca M. strepera
33%
N. arquata
33%
O. leucocephala
33%
Oriolidae Oriolus O. oriolus
33%
P. apricaria
33%
Pelecanidae Pelecanus P. crispus
33%
Podiceps P. grisegena
33%
Pelecaniformes Threskiornithidae Platalea P. leucorodia
33%
Phalaropus P. lobatus
33%
P. nigricollis
33%
Pyrrhula P. pyrrhula
33%
P. roseus
33%
Pastor P. roseus
33%
P. sibilatrix
33%
P. viridis
33%
Gruiformes Rallidae Rallus R. aquaticus
33%
R. ignicapilla
33%
Rissa R. tridactyla
33%
Sylviidae Sylvia S. atricapilla
33%
S. borin
33%
Sittidae Sitta S. europaea
33%
S. hirundo
33%
S. mollissima
33%
S. nebulosa
33%
Spatula S. querquedula
33%
Scolopax S. rusticola
33%
S. skua
33%
Sturnidae Sturnus S. vulgaris
33%
T. glareola
33%
T. philomelos
33%
T. pilaris
33%
T. sandvicensis
33%
T. stagnatilis
33%
T. torquatus
33%
T. totanus
33%
Xema X. sabini
33%
Zapornia Z. parva
33%
A. collaris (vagrant)
25%
A. erythropus
25%
Alectoris A. graeca
25%
Actitis A. hypoleucos
25%
A. indicus (introduced)
25%
Anas A. platyrhynchos
25%
A. pratensis
25%
Aquila A. rapax (vagrant)
25%
A. serrirostris
25%
A. spinoletta
25%
Aix A. sponsa (vagrant)
25%
Branta B. bernicla
25%
B. islandica
25%
B. rufinus
25%
Bubo B. scandiacus
25%
Cygnus C. atratus (introduced)
25%
C. borealis
25%
C. canutus
25%
C. columbianus
25%
C. cornix
25%
C. curruca
25%
Glareolidae Cursorius C. cursor
25%
Cecropis C. daurica
25%
Calonectris C. diomedea
25%
Corvus C. frugilegus
25%
C. genei
25%
Cuculiformes Cuculidae Clamator C. glandarius
25%
C. hortensis
25%
Calcariidae Calcarius C. lapponicus
25%
C. macrourus
25%
C. melanocephala
25%
C. monedula
25%
C. subalpina
25%
cyanecula C. svecica
25%
Dendrocopos D. leucotos
25%
Dryocopus D. martius
25%
Dendrocoptes D. medius
25%
Accipitridae Elanus E. caeruleus
25%
E. cirlus
25%
E. rustica
25%
F. albicollis
25%
Alcidae Fratercula F. arctica
25%
F. biarmicus
25%
F. biarmicus
25%
F. cherrug
25%
Procellariidae Fulmarus F. glacialis
25%
Falconiformes Falconidae Falco F. naumanni
25%
F. parva
25%
F. rusticolus
25%
G. adamsii
25%
G. maldivarum (vagrant)
25%
G. nordmanni
25%
Histrionicus H. histrionicus
25%
I. melanocephalus
25%
I. pallida
25%
Lullula L. arborea
25%
Lophophanes L. cristatus
25%
Laniidae Lanius L. cristatus (vagrant)
25%
L. curvirostra
25%
Locustella L. lanceolata
25%
L. luscinioides
25%
Lymnocryptes L. minimus
25%
L. minor
25%
L. nubicus
25%
L. senator
25%
Lyrurus L. tetrix
25%
M. cinerea
25%
Montifringilla M. nivalis
25%
M. solitarius
25%
Neophron N. percnopterus
25%
Numenius N. phaeopus
25%
O. pleschanka
25%
Panuridae Panurus P. biarmicus
25%
P. dominica (vagrant)
25%
Plectrophenax P. nivalis
25%
P. onocrotalus
25%
P. palustris
25%
Petronia P. petronia
25%
P. phoenicurus
25%
Corvidae Pyrrhocorax P. pyrrhocorax
25%
Charadriidae Pluvialis P. squatarola
25%
P. trochilus
25%
P. yelkouan
25%
Remizidae Remiz R. pendulinus
25%
Sternula S. albifrons
25%
S. neumayer
25%
S. pomarinus
25%
Saxicola S. rubetra
25%
Strigidae Surnia S. ulula
25%
S. unicolor
25%
T. brevipes (vagrant)
25%
Tachyspiza T. brevipes (vagrant)
25%
Tachymarptis T. melba
25%
Tringa T. ochropus
25%
U. aalge
25%
V. gregarius (vagrant)
25%
V. spinosus
25%
Xenus X. cinereus
25%
Z. pusilla
25%
A. adalberti
17%
Alopochen A. aegyptiaca (introduced)
17%
A. affinis
17%
A. affinis (vagrant)
17%
A. agricola
17%
A. americana (vagrant)
17%
A. arvensis
17%
A. brachyrhynchus
17%
Anser A. caerulescens (vagrant+introduced)
17%
A. campestris
17%
A. cervinus
17%
A. chukar
17%
A. fasciata
17%
Acanthis A. flammea
17%
A. galericulata (introduced)
17%
A. hodgsoni
17%
Arenaria A. interpes
17%
A. melanopogon
17%
A. pallidus
17%
Acrocephalus A. paludicola
17%
A. palustris
17%
A. petrosus
17%
A. rossii (vagrant)
17%
A. rubripes (vagrant)
17%
A. rufa
17%
A. scirpaceus
17%
A. valisineria (vagrant)
17%
Bucephala B. albeola (vagrant)
17%
Tetrastes B. bonasia
17%
Bulweria B. bulwerii
17%
Charadriiformes Burhinidae Burhinus B. oedicnemus
17%
Chrysolophus C. amherstiae (introduced)
17%
Calandrella C. brachydactyla
17%
Certhiidae Certhia C. brachydactyla
17%
Carpospiza C. brachydactyla (vagrant)
17%
C. cantillans
17%
C. citrinella
17%
C. corsicana
17%
Cepphus C. grylle
17%
C. himantopus (vagrant)
17%
C. maritima
17%
C. melanotos
17%
Cairina C. moschata (introduced)
17%
C. nisoria
17%
C. optatus
17%
C. pictus (introduced)
17%
Ceryle C. rudis (vagrant)
17%
Caprimulgus C. ruficollis
17%
C. ruficollis (vagrant)
17%
C. semipalmatus (vagrant)
17%
D. syriacus
17%
E. caesia
17%
E. pusilla
17%
F. concolor (vagrant)
17%
Fulica F. cristata
17%
F. semitorquata
17%
G. cristata
17%
G. megala (vagrant)
17%
Gelochelidon G. nilotica
17%
Glareola G. pratincola
17%
H. leucocephalus (vagrant)
17%
Hydrobatidae Hydrobates H. pelagicus
17%
H. polyglotta
17%
I. opaca
17%
Junco J. hyemalis (vagrant)
17%
L. armenicus
17%
Lophodytes L. cucullatus (vagrant)
17%
L. glaucoides
17%
L. naevia
17%
L. scotica
17%
M. americana (vagrant)
17%
Marmaronetta M. angustirostris
17%
M. calandra
17%
M. citreola
17%
Melanitta M. perspicillata (vagrant)
17%
M. pygmaeus
17%
Monticola M. saxatilis
17%
N. tenuirostris (EX 2024)
17%
O. hispanica
17%
O. isabellina
17%
Oxyura O. jamaicensis (introduced)
17%
O. melanoleuca
17%
P. bonelli
17%
P. borealis
17%
Pagophila P. eburnea
17%
P. fulicarius
17%
P. fulva (vagrant)
17%
P. graculus
17%
P. humei (vagrant)
17%
Perisoreus P. infaustus
17%
P. italiae
17%
Phoenicopteriformes Phoenicopteridae Phoeniconaias P. minor (vagrant)
17%
Phoenicurus P. ochruros
17%
Podilymbus P. podiceps (vagrant)
17%
P. proregulus
17%
P. puffinus
17%
Ptyonoprogne P. rupestris
17%
P. sharpei
17%
Polysticta P. stelleri
17%
Picoides P. tridactylus
17%
P. tristis
17%
P. trochiloides
17%
Rhodostethia R. rosea (vagrant)
17%
S. discors (vagrant)
17%
Sterna S. dougalli
17%
Somateria S. fischeri (vagrant)
17%
S. leucogaster (vagrant)
17%
Stercorariidae Stercorarius S. longicaudus
17%
S. orientalis (vagrant)
17%
Pterocliformes Pteroclidae Syrrhaptes S. paradoxus (vagrant)
17%
S. rubicola
17%
Spilopelia S. senegalensis (native+vagrant)
17%
S. spectabilis
17%
T. flavipes (vagrant)
17%
Tichodroma T. muraria
17%
T. semipalmata (vagrant)
17%
Turnicidae Turnix T. sylvaticus
17%
Torgos T. tracheliotos (vagrant)
17%
Turdus T. viscivorus
17%
Uria U. lomvia
17%
V. leucurus
17%
Acrocephalidae Arundinax A. aedon (vagrant)
8%
A. aestiva (introduced)
8%
Alaudidae Alaemon A. alaudipes (vagrant)
8%
A. arundinaceus
8%
A. asiaticus (vagrant)
8%
A. barbara
8%
A. cabaret
8%
Apus A. caffer
8%
A. canagicus (introduced)
8%
A. dumetorum
8%
A. godlewskii (vagrant)
8%
A. gravis
8%
Ardenna A. grisea
8%
Alauda A. gulgula (vagrant)
8%
A. herodias (vagrant)
8%
A. hornemanni
8%
A. leschenaultii (vagrant)
8%
A. leucoptera
8%
A. macularius (vagrant)
8%
Anarhynchus A. mongolus (vagrant)
8%
A. richardi
8%
Alaudala A. rufescens
8%
A. stentoreus (vagrant)
8%
Laridae Anous A. stolidus (vagrant)
8%
B. ascalaphus (vagrant)
8%
B. cedrorum (vagrant)
8%
Bucanetes B. githagineus
8%
Scolopacidae Bartramia B. longicauda (vagrant)
8%
B. mongolicus (vagrant)
8%
C. alexandrinus
8%
Colaptes C. auratus (vagrant)
8%
C. bairdii (vagrant)
8%
C. balearica
8%
Calliope C. calliope (vagrant)
8%
C. cirrocephalus (vagrant)
8%
C. conspicillata
8%
C. cooki
8%
C. crassirostris
8%
Coloeus C. dauuricus (vagrant)
8%
Chersophilus C. duponti
8%
Carpodacus C. erythrinus
8%
C. hudsonius (vagrant)
8%
Cesticolidae Cesticola C. juncidis
8%
Caprimulgiformes Caprimulgidae Chordeiles C. minor (vagrant)
8%
C. minutilla (vagrant)
8%
C. mystacea
8%
Cistothorus C. palustris (vagrant)
8%
Chroicocephalus C. philadelphia (vagrant)
8%
C. rhipidurus (vagrant)
8%
C. sarda
8%
C. splendens (vagrant+introduced)
8%
C. teneriffae
8%
Calidris C. tenuirostris (vagrant)
8%
C. undata
8%
Chlamydotis C. undulata
8%
Odontophoridae Colinus C. virginianus (introduced)
8%
C. vociferus (vagrant)
8%
D. bicolor (vagrant)
8%
Daption D. capense (vagrant)
8%
Diomedeidae Diomedea D. exulans (vagrant)
8%
Icteridae Dolichonyx D. oryzivorus (vagrant)
8%
Anseriformes Anatidae Dendrocygna D. viduata (vagrant)
8%
Eremophila E. alpestris
8%
Estrilda E. astrild (introduced)
8%
E. aureola
8%
E. bruniceps
8%
E. buchanani (vagrant)
8%
E. chrysophrys (vagrant)
8%
E. cineracea
8%
E. fucata (vagrant)
8%
E. leucocephalos
8%
Emberizidae Emberiza E. melanocephala
8%
E. pallasi (vagrant)
8%
E. rutila (vagrant)
8%
E. sahari (vagrant)
8%
E. schoeniclus
8%
F. americana (vagrant)
8%
F. amurensis (vagrant)
8%
F. corniculata (vagrant)
8%
F. sparverius (vagrant)
8%
Geronticus G. eremita (introduced)
8%
G. stenura (vagrant)
8%
Galerida G. theklae
8%
Geothlypis G. trichas (vagrant)
8%
H. castro
8%
Hippolais H. languida (vagrant)
8%
Haliaeetus H. leucoryphus
8%
H. olivetorum (vagrant)
8%
I. audouinii
8%
Iduna I. caligata
8%
Icterus I. galbula (vagrant)
8%
Irania I. gutturalis (vagrant)
8%
I. rama
8%
Larvivora L. cyane (vagrant)
8%
Linaria L. flavirostris
8%
L. isabellinus (vagrant)
8%
L. leucoptera
8%
L. meridionalis
8%
L. phoenicuroides
8%
Loxia L. pytyopsittacus
8%
L. schach (vagrant)
8%
L. scolopaceus (vagrant)
8%
M. aegyptius (vagrant)
8%
Phalacrocoracidae Microcarbo M. africanus (vagrant)
8%
Megaceryle M. alcyon (vagrant)
8%
Molothrus M. ater (vagrant)
8%
M. dauurica (vagrant)
8%
Melospiza M. melodia (vagrant)
8%
Myiopsitta M. monachus (introduced)
8%
Coraciformes Meropidae Merops M. persicus
8%
M. tschutschensis (vagrant)
8%
Nannopterum N. auritum (vagrant)
8%
nucifraga N. caryocatactes
8%
Galliformes Numididae Numida N. meleagris (introduced)
8%
Nandayus N. nenday (introduced)
8%
O. anaethetus (vagrant)
8%
O. cypriaca (vagrant)
8%
O. deserti
8%
Onychoprion O. fuscatus (vagrant)
8%
Procellariiformes Oceantidae Oceanites O. oceanicus
8%
P. atrogularis (vagrant)
8%
Pycnonotidae Pycnonotus P. barbatus (vagrant)
8%
Porzana P. carolina (vagrant)
8%
Pinicola P. enucleator
8%
P. feae
8%
P. fuscatus (vagrant)
8%
P. hispaniolensis
8%
P. ibericus
8%
Passerella P. iliaca (vagrant)
8%
P. inornatus
8%
Psittacula P. krameri (introduced)
8%
Poecile P. lugubris
8%
P. madeira
8%
P. mauretanicus
8%
P. mauritanica
8%
P. moabiticus (vagrant)
8%
P. montanella (vagrant)
8%
P. moussieri (vagrant)
8%
P. noveboracensis (vagrant)
8%
P. ocularis (vagrant)
8%
Pterocles P. orientalis
8%
Phylloscopidae Phylloscopus P. orientalis
8%
P. rubra (vagrant)
8%
P. schwarzi (vagrant)
8%
P. simplex (vagrant)
8%
Progne P. subis (vagrant)
8%
Quiscalus Q. quiscula (vagrant)
8%
Aves Rheiformes Rheidae Rhea R. americana (introduced)
8%
Rynchops R. niger (vagrant)
8%
Riparia R. paludicola (vagrant)
8%
Rhodopechys R. sanguineus (vagrant)
8%
S. americana (vagrant)
8%
Spiza S. americana (vagrant)
8%
S. antillarum (vagrant)
8%
S. canadensis (vagrant)
8%
Serinus S. canaria (introduced)
8%
S. caprata (vagrant)
8%
Setophaga S. citrina (vagrant)
8%
S. coronata (vagrant)
8%
S. dacotiae
8%
Sula S. dactylatra (vagrant)
8%
S. forsteri (vagrant)
8%
S. krueperi
8%
S. maccormicki (vagrant)
8%
S. magnolia (vagrant)
8%
S. maurus
8%
S. palmarum (vagrant)
8%
Sayornis S. phoebe (vagrant)
8%
Syrmaticus S. reevesii (introduced)
8%
S. roseogrisea (introduced)
8%
S. stejnegeri (vagrant)
8%
S. sula (vagrant)
8%
S. tigrina (vagrant)
8%
Sphyrapicus S. varius (vagrant)
8%
Threskiornis T. aethiopicus (introduced)
8%
T. atrogularis (vagrant)
8%
Tachycineta T. bicolor (vagrant)
8%
Tarsiger T. cyanurus
8%
T. elegans (vagrant)
8%
T. erithropus
8%
Thalassarche T. melanophris (vagrant)
8%
T. migratorius (vagrant)
8%
T. naumanni (vagrant)
8%
T. obscurus (vagrant)
8%
Malaconotidae Tchagra T. senegalus
8%
T. solitaria (vagrant)
8%
T. tyrannus (vagrant)
8%
V. indicus (vagrant)
8%
Zonotrichia Z. albicollis (vagrant)
8%
Zenaida Z. macroura (vagrant)
8%
A. acuticaudata (introduced)
0%
Amandava A. amandava (introduced)
0%
Psittaciformes Psittaculidae Amazona A. amazonica (introduced)
0%
A. caroliensis (vagrant)
0%
Ammomanes A. cintura (vagrant)
0%
Acridotheres A. cristatellus (introduced)
0%
A. erythrogenys (introduced)
0%
A. fischeri (introduced)
0%
Motacillidae Anthus A. gustavi
0%
Aratinga A. mitrata (introduced)
0%
A. oratrix (introduced
0%
Agapornis A. personata (introduced)
0%
Agelaius A. phoeniceus (vagrant)
0%
A. roseicollis (introduced)
0%
A. rubescens (vagrant)
0%
A. shoenobaenus
0%
Agropsar A. sturninus (vagrant)
0%
A. tristis (vagrant+introduced)
0%
B. canadensis (vagrant+introduced)
0%
Coraciidae Coracias C. abyssinicus (vagrant)
0%
C. aegyptius (vagrant)
0%
C. althaea (vagrant)
0%
Coccyzus C. americanus (vagrant)
0%
Cardellina C. canadensis (vagrant)
0%
C. caniceps
0%
Curruca C. deserti
0%
C. deserticola (vagrant)
0%
C. edwardsii (vagrant)
0%
C. erythropthalmus (vagrant)
0%
C. fuscescens (vagrant)
0%
Muscicapidae Cercotrichas C. galactores
0%
Passerellidae Chondestes C. grammacus (vagrant)
0%
C. guttatus (vagrant)
0%
C. inornata
0%
C. mauri (vagrant)
0%
C. melanothorax (vagrant)
0%
C. minimus (vagrant)
0%
C. minula (vagrant)
0%
C. nana
0%
Apodidae Chaetura C. pelagica
0%
C. pusilla (vagrant)
0%
C. pusilla (vagrant)
0%
C. roseus (vagrant)
0%
C. ruppeli
0%
C. subminutus
0%
C. subruficollis (vagrant)
0%
C. temmnickii
0%
Catharus C. ustulatus (vagrant)
0%
Contopus C. virens (vagrant)
0%
Mimidae Dumetella D. carolinensis (vagrant)
0%
D. dasypus (vagrant)
0%
D. lagopodum
0%
Hirundinidae Delichon D. ubricum
0%
E. alnorum (vagrant)
0%
E. flaviventris (vagrant)
0%
E. melpoda (introduced)
0%
E. minimus (vagrant)
0%
E. spodocephala (vagrant)
0%
Empidonax E. virescens (vagrant)
0%
F. albicilla (vagrant)
0%
F. cirrhata (vagrant)
0%
F. montfringilla
0%
Ficedula F. mugimaki (vagrant)
0%
F. speculigera (vagrant)
0%
G. delicata (vagrant)
0%
Geokichla G. sibirica (vagrant)
0%
Gallinago G. solitaria (vagrant)
0%
H. certhiola (vagrant)
0%
Locustellidae Helopsaltes H. fasciolata (vagrant)
0%
H. leucorhous
0%
Haemorhous H. mexicanus (introduced)
0%
Hylocichla H. mustelina (vagrant)
0%
Haematopodidae Haematopus H. palliatus (vagrant)
0%
Hesperiphona H. vespertina (vagrant)
0%
Ixoreus I. naevius (vagrant)
0%
Estrildidae Lonchura L. atricapilla (introduced)
0%
L. atricilla (vagrant)
0%
L. borealis (vagrant)
0%
Larus L. delawerensis
0%
Limnodromus L. griseus
0%
Leiotrichidae Leiothrix L. lutea (introduced)
0%
L. mlokosiewiczi
0%
Leiothlypis L. peregrina (vagrant)
0%
Leucocephalus L. pipixcan (vagrant)
0%
L. sibilans (vagrant)
0%
L. smithsonianus (vagrant)
0%
L. vegae (vagrant)
0%
Melanocorypha M. bimaculata (vagrant)
0%
M. lincolnii (vagrant)
0%
Mimus M. polyglottos (vagrant)
0%
Muscicapa M. sibirica (vagrant)
0%
M. tyrrhenica
0%
Melopsittacus M. undulatus (introduced)
0%
Mniotilta M. varia (vagrant)
0%
M. yeltoniensis
0%
N. hemispila
0%
N. hudsonicus (vagrant)
0%
Oporornis O. agilis (vagrant)
0%
O. finschii (vagrant)
0%
O. kundoo (vagrant)
0%
O. leucopyga (vagrant)
0%
O. leucura
0%
O. moesta (vagrant)
0%
O. monacha (vagrant)
0%
O. seebohmi (vagrant)
0%
Phaethontiformes Phaethontidae Phaethon P. aethereus (vagrant)
0%
P. alchata
0%
Pluvianidae Pluvianus P. argyptius (vagrant)
0%
Pterodroma P. arminjoniana (vagrant)
0%
Puffinus P. bailloni (vagrant)
0%
P. baroli
0%
P. caerulea (vagrant)
0%
Phoenicopterus P. chilensis (introduced)
0%
P. cinctus
0%
Protonotaria P. citrea (vagrant)
0%
P. coronatus (vagrant)
0%
Passerina P. cyanea (vagrant)
0%
P. deserta
0%
Pternistis P. erckelii (introduced)
0%
Pipilo P. erythrophthalmus (vagrant)
0%
P. eupatria (introduced)
0%
P. examinandus (vagrant)
0%
P. griseolus (vagrant)
0%
P. lorenzii
0%
P. lucidus (vagrant)
0%
Cardinalidae Phoeucticus P. ludovicianus (vagrant)
0%
Pelagodroma P. marina (native+vagrant)
0%
Pionus P. maximilianus (introduced)
0%
Parkesia P. motacilla (vagrant)
0%
P. neglectus (vagrant)
0%
P. obsoleta (vagrant)
0%
Piranga P. olivacea
0%
P. plumbeitarsus (vagrant)
0%
Petrochelidon P. pyrrhonota (vagrant)
0%
Passerculus P. sandwichensis (vagrant)
0%
P. senegallus (vagrant)
0%
P. sindianus (vagrant)
0%
P. tenellipes (vagrant)
0%
P. vaillanti (vagrant)
0%
Regulidae Regulus R. calendula (vagrant)
0%
Ramphocoris R. clotbey (vagrant)
0%
Rhodospiza R. obsoleta (vagrant)
0%
S. aestiva (vagrant)
0%
Sinosuthora S. alphonsiana (introduced)
0%
S. antarticus (vagrant)
0%
Spizelloides S. arborea (vagrant)
0%
Parulidae Seiurus S. aurocapilla (vagrant)
0%
S. caerulescens (vagrant)
0%
S. castanea (vagrant)
0%
S. cerulea (vagrant)
0%
S. discolor (vagrant)
0%
S. dominica (vagrant)
0%
S. fusca (vagrant)
0%
S. mauritanica
0%
S. minor (vagrant)
0%
S. parastiticus
0%
S. pensylvanica (vagrant)
0%
S. pinus (vagrant)
0%
S. ruticilla (vagrant)
0%
Stelgidopteryx S. serripennis (vagrant)
0%
S. striata (vagrant)
0%
Steganopus S. tricolor
0%
S. virens (vagrant)
0%
S. whiteheadi
0%
T. acuflavidus (vagrant)
0%
T. albididorsalis
0%
Thalasseus T. bengalensis
0%
Tetraogallus T. caucasicus
0%
T. eunomus (vagrant)
0%
T. melanoleuca
0%
Toxostoma T. rufum (vagrant)
0%
Passeriformes Tyrannidae Tyrannus T. verticalis (vagrant)
0%
Vermivora V. chrysoptera (vagrant)
0%
V. cyanoptera (vagrant)
0%
V. flavifrons (vagrant)
0%
V. gilvus (vagrant)
0%
V.griseus (vagrant)
0%
V. olivaceus (vagrant)
0%
Vireonidae Vireo V. philadelphicus (vagrant)
0%
Xanthocephalus X. xanthocephalus
0%
Turdidae Zoothera Z. aurea (vagrant)
0%
Z. leucophrys (vagrant)
0%
No matching quizzes found
Score Distribution
Percent of People with Each Score
Percentile by Number Answered
Your Score History
You have not taken this quiz